| 000 | 00887nam a2200277 i 4500 | ||
|---|---|---|---|
| 001 | bg | ||
| 100 | 1 | _aHABER, Zbigniew | |
| 245 | 1 | 0 |
_aKształtowanie terenów zieleni z elementami ekologii / _cZbigniew Haber, Piotr Urbański. |
| 250 | _aWyd. 2 rozsz. i uzup. | ||
| 260 |
_aPoznań : _bWydaw. Akademii Rolniczej im. Augusta Cieszkowskiego, _c2005. |
||
| 300 |
_a234 s., [22] s. tabl. : _bil., mapa ; _c24 cm. |
||
| 504 | _aBibliogr. | ||
| 650 | 9 | _aSztuka ogrodowa | |
| 650 | 9 | _aTereny zielone | |
| 655 | _aPodręczniki akademickie | ||
| 700 | 1 | _aURBAŃSKI, Piotr | |
| 015 | _aPB 182/2003 | ||
| 020 | _a8371603886 | ||
| 040 | _cBPK | ||
| 041 | 0 | _apol | |
| 080 | _a712(075.8) | ||
| 920 | _a83-7160-388-6 | ||
| 942 | _cKS | ||
| 008 | s pl f |000 0 pol | ||
| 999 |
_c51282 _d51282 |
||
| 856 |
_uhttp://koha.tu.koszalin.pl/cgi-bin/koha/opac-detail.pl?biblionumber=51282 _yKatalog online BPK |
||